00688nam a2200181Ia 4500952015900000999001700159003000400176005001700180008004100197020001800238040000900256082002600265100002800291245007600319260004400395300000900439942005800448 00102ddc40708SOCIAL SCIENCEaMESbMEScSOCIAL SCIENCEd2019-02-20g195.00l0o305.6297105414 AHM/Bp23151r2019-02-20 00:00:00w2019-02-20yBKzGL41R3 c20569d20569OSt20200615114845.0190216s9999||||xx |||||||||||||| ||und|| a9780195639193 coclc a305.6297105414bAHM/B a Ahmed, Rafiuddin92887 4aThe Bengal Muslims 1871-1906 :bA Quest For Identity /cRafiuddin Ahmed bOxford University Press,aDelhi:c1996. a271p cBK2ddch305.6297105414iAHM/Bk305.6297105414mAHM/B